[Event "VIE-ch U20"]
[Site "Hanoi"]
[Date "2022.06.17"]
[Round "9"]
[White "Ho, Thanh Hung"]
[Black "Le, Huy Hai"]
[Result "1/2-1/2"]
[WhiteElo "2268"]
[BlackElo "2275"]
[PlyCount "50"]
[EventDate "2022.06.11"]
[EventType "swiss"]
[EventRounds "9"]
[EventCountry "VIE"]
[SourceTitle "EXT 2023"]
[Source "ChessBase"]
[SourceDate "2022.10.05"]
[SourceVersion "1"]
[SourceVersionDate "2022.10.05"]
[SourceQuality "1"]

1. e4 c5 2. Nf3 d6 3. d4 cxd4 4. Nxd4 Nf6 5. Nc3 a6 6. Be2 b5 7. f3 Bb7 8. Be3 e6 9. a4 b4 10. Na2 d5 11. exd5 Nxd5 12. Bf2 Be7 13. 0-0 0-0 14. c4 Nf4 15. Be3 Nxe2+ 16. Nxe2 Nc6 17. Qxd8 Rfxd8 18. Rfd1 Na5 19. Rxd8+ Rxd8 20. Bb6 Rd2 21. Bxa5 Rxe2 22. Bxb4 Bxb4 23. Nxb4 Rxb2 24. Rd1 Kf8 25. Nd3 Rc2 1/2-1/2

[Event "VIE-ch U20"]
[Site "Hanoi"]
[Date "2022.06.13"]
[Round "3"]
[White "Nguyen, Duc Sang"]
[Black "Ho, Thanh Hung"]
[Result "1/2-1/2"]
[WhiteElo "2261"]
[BlackElo "2268"]
[PlyCount "67"]
[EventDate "2022.06.11"]
[EventType "swiss"]
[EventRounds "9"]
[EventCountry "VIE"]
[SourceTitle "EXT 2023"]
[Source "ChessBase"]
[SourceDate "2022.10.05"]
[SourceVersion "1"]
[SourceVersionDate "2022.10.05"]
[SourceQuality "1"]

1. d4 Nf6 2. c4 d5 3. Nc3 e6 4. Bg5 Nbd7 5. Nf3 c6 6. Qc2 Be7 7. e3 dxc4 8. Bxc4 Nd5 9. Bxe7 Qxe7 10. 0-0 0-0 11. Bd3 Nb4 12. Bxh7+ Kh8 13. Qb1 f5 14. Bg6 Qf6 15. Bxf5 Qxf5 16. e4 Qg6 17. Nh4 Qh5 18. g3 g5 19. Ng2 e5 20. Qd1 Qh3 21. f4 gxf4 22. a3 Nf6 23. Nxf4 exf4 24. Rxf4 Bg4 25. Qf1 Qh6 26. axb4 Nh5 27. Rxg4 Rxf1+ 28. Rxf1 Rf8 29. Rxf8+ Qxf8 30. Rh4 Qf3 31. g4 Qe3+ 32. Kg2 Qd2+ 33. Kh3 Qe3+ 34. Kg2 1/2-1/2